[Event "GER-ch Seniors"]
[Site "Dresden"]
[Date "2012.08.10"]
[Round "2"]
[White "Schmid, Hartmut"]
[Black "Reinemann, Guenter"]
[Result "1-0"]
[WhiteElo "2162"]
[BlackElo "1989"]
[PlyCount "51"]
[EventDate "2012.08.09"]
[EventType "swiss"]
[EventRounds "9"]
[EventCountry "GER"]
[SourceTitle "EXT 2014"]
[Source "ChessBase"]
[SourceDate "2013.11.20"]
[SourceVersion "1"]
[SourceVersionDate "2013.11.20"]
[SourceQuality "1"]

1. c4 f5 2. d4 Nf6 3. e3 c6 4. Bd3 d6 5. f4 g6 6. Nc3 Bg7 7. Nf3 0-0 8. 0-0 Na6 9. b3 Bd7 10. Qe2 c5 11. Bb2 Rb8 12. Rad1 Qa5 13. Kh1 Rfe8 14. a3 Nc7 15. dxc5 dxc5 16. Ne5 Rbd8 17. e4 Ne6 18. Nd5 Nd4 19. Bxd4 cxd4 20. b4 Qa4 21. Bc2 Qa6 22. Nc7 Qc6 23. Nxe8 Nxe8 24. c5 Qc7 25. exf5 Bxf5 26. Bxf5 1-0

[Event "Sachsen-Anhalt-ch Seniors 20th"]
[Site "Naumburg"]
[Date "2012.06.05"]
[Round "3"]
[White "Gismann, Juergen"]
[Black "Reinemann, Guenter"]
[Result "1/2-1/2"]
[WhiteElo "1554"]
[BlackElo "1826"]
[PlyCount "51"]
[EventDate "2012.06.03"]
[EventType "swiss"]
[EventRounds "7"]
[EventCountry "GER"]
[SourceTitle "EXT 2013"]
[Source "ChessBase"]
[SourceDate "2012.11.22"]
[SourceVersion "1"]
[SourceVersionDate "2012.11.22"]
[SourceQuality "1"]

1. e4 c5 2. c3 e6 3. d4 cxd4 4. cxd4 Qb6 5. Nf3 Nf6 6. e5 Bb4+ 7. Bd2 Ne4 8. Bd3 Nxd2 9. Nbxd2 Nc6 10. 0-0 Bxd2 11. Qxd2 Nxd4 12. Nxd4 Qxd4 13. Qe2 0-0 14. Rfd1 Qh4 15. Rac1 f6 16. Rc4 Qh6 17. exf6 Qxf6 18. Bb1 g6 19. Rc3 d5 20. Rf3 Qg7 21. Rxf8+ Kxf8 22. Qd2 Qe7 23. Rc1 Bd7 24. Rc7 Rc8 25. Rxc8+ Bxc8 26. Qc3 1/2-1/2